| 000 | 005120000a22001690004500 | ||
|---|---|---|---|
| 003 | MACL | ||
| 005 | 20151231144345.0 | ||
| 008 | 151231b xxu||||| |||| 00| 0 eng d | ||
| 040 |
_aMACL _cMACL |
||
| 041 | _aEnglish | ||
| 082 | _a370/AMA | ||
| 100 |
_aJha, Dr Amaranatha _925768 |
||
| 245 |
_aReport of the National Seminar _bOn The Organisation and Techniques for The Liquidation of Illiteracy |
||
| 260 |
_bIndian Adult Education Association _aDelhi |
||
| 650 |
_aEducation _925769 |
||
| 942 |
_cBK _k370/JHA _2ddc |
||
| 999 |
_c37944 _d37944 |
||